Oblasts of Ukraine with an Empty Map - Statistics

General Stats
  • This quiz has been taken 676 times
  • The average score is 20 of 27
Answers on the Map
Answers color-coded by a green-red scale on the quiz's map according to % correct below.
 
Answer Stats
Answer % Correct
Donetsk
94%
Kiev (City)
94%
Kiev (Region)
94%
Crimea
91%
Lviv
91%
Luhansk
90%
Odessa
89%
Kharkiv
88%
Kherson
86%
Dnipropetrovsk
82%
Sumy
77%
Sevastopol
76%
Chernihiv
73%
Mykolaiv
73%
Poltava
73%
Zaporizhia
73%
Cherkasy
71%
Rivne
68%
Ivano-Frankivsk
66%
Ternopil
66%
Chernivtsi
63%
Volyn
63%
Zhytomyr
62%
Zakarpattia
61%
Vinnytsia
59%
Kirovohrad
55%
Khmelnytskyi
48%
No matching quizzes found
Score Distribution
Percent of People with Each Score
Percentile by Number Answered
Your Score History
You have not taken this quiz